Langues régionales en France - Statistiques

Statistiques générales
  • Ce quiz a été pris 116 fois
  • Le résultat moyen est 16 sur 38
Statistiques - réponses
Langue % Correct
Breton
96%
Alsacien
91%
Basque
84%
Normand
78%
Créole réunionnais
77%
Occitan
76%
Créole martiniquais
73%
Corse
70%
Créole guadeloupéen
70%
Lorrain
66%
Picard
63%
Catalan
59%
Créole guyanais
59%
Provençal
53%
Flamand
48%
Auvergnat
46%
Gascon
40%
Gallo
38%
Tahitien
38%
Bourguignon-morvandiau
35%
Kanak
35%
Poitevin-saintongeais
35%
Champenois
31%
Franc-comtois
30%
Languedocien
30%
Limousin
30%
Wallon
30%
Wallisien
29%
Mahorais
28%
Francoprovençal
23%
Créole de Saint-Martin
20%
Futunien
18%
Vivaro-alpin
16%
Croissant
8%
Francique mosellan
8%
Francique rhénan
8%
Francique luxembourgeois
5%
Ligurien
2%
Aucun quiz correspondant
Distribution des résultats
% des personnes avec chaque résultat
Percentile par nombre de réponses
Votre historique - résultats
Vous n’avez pas pris ce quiz